Kế toán trưởng và những qui định cần biết

Salvato in:
Dettagli Bibliografici
Natura: Sách giấy
Lingua:Vietnamese
Pubblicazione: Hà Nội : Thống kê , 1999
Tags: Aggiungi Tag
Nessun Tag, puoi essere il primo ad aggiungerne! !
Thư viện lưu trữ: Thư viện Trường Đại học Đà Lạt
LEADER 00526nam a2200229 4500
001 DLU020016531
005 ##11/23/2000
020 # # |a 978- 
041 # # |a vie 
082 # # |a 657  |b Ket 
245 # # |a Kế toán trưởng và những qui định cần biết 
260 # # |a Hà Nội :  |b Thống kê ,  |c 1999 
300 # # |a 723 tr.;   |c 28 cm. 
992 # # |a 110000 
994 # # |a DLU 
900 # # |a False 
911 # # |a Administrator 
925 # # |a G 
926 # # |a A 
927 # # |a SH 
980 # # |a Thư viện Trường Đại học Đà Lạt